000 01357nam2a22002651 4500
001 rc\4173847
005 20250611120903.0
021 _aRU
_b[61-8231]
021 _aRU
_b[48-29148]
035 _a(NLR Aleph) 008185163
090 _a7940786
_c7940786
100 _a20130415d1948 |||y0rusy50 ca
101 0 _arus
102 _aRU
105 _aabc z |||||
200 0 _aТ. 1
210 _d1948
_aБ. м.
215 _a308 с., 4 л. портр., карт.
_cил., карт.
320 _aБиблиогр.: с. 287-302
461 0 _1001rc\4173846
_12001#$aРазвитие эрозионных процессов на территории Европейской части СССР и борьба с ними$eТ. 1-2$fАкад. наук СССР. Почв. ин-т им. В.В. Докучаева$vТ. 1
_1700#1$aСоболев$bС.С.$gСергей Степанович
_97940781
_aСоболев, С.С.
_cМосква
_d1948-1960
_fАкад. наук СССР. Почв. ин-т им. В.В. Докучаева
_nИзд-во Акад. наук СССР
_oТ. 1-2
_p2 т.
_tРазвитие эрозионных процессов на территории Европейской части СССР и борьба с ними
_vТ. 1
801 0 _aRU
_bNLR
_gpsbo
801 1 _aRU
_bELAR
_2rusmarc
852 _aNLR
_jГн10 Г-7/57
942 _cBOOK
980 _aNB